Плутоний: справочник
| מחברים אחרים: | |
|---|---|
| שפה: | רוסית |
| יצא לאור: |
Москва, Атомиздат, 1971-1973
|
| פורמט: | MixedMaterials ספר |
| KOHA link: | https://koha.lib.tpu.ru/cgi-bin/koha/opac-detail.pl?biblionumber=124054 |
MARC
| LEADER | 00000nam1a2200000 4500 | ||
|---|---|---|---|
| 001 | 124054 | ||
| 005 | 20231031130723.0 | ||
| 035 | |a (RuTPU)RU\TPU\book\134257 | ||
| 090 | |a 124054 | ||
| 100 | |a 20071026g19711973m y0rusy50 ca | ||
| 101 | 0 | |a rus | |
| 102 | |a RU | ||
| 200 | 1 | |a Плутоний |e справочник |f под ред. О. Вика | |
| 210 | |a Москва |c Атомиздат |d 1971-1973 | ||
| 702 | 1 | |a Вик |b О. |4 340 | |
| 801 | 1 | |a RU |b 63413507 |c 20071026 |g PSBO | |
| 801 | 2 | |a RU |b 63413507 |c 20140925 |g RCR | |
| 942 | |c BK | ||